[Event "Berlin-ch Seniors op 34th"]
[Site "Berlin"]
[Date "2018.01.31"]
[Round "2"]
[White "Bluhm, Robert"]
[Black "Schlicht, Werner"]
[Result "1-0"]
[WhiteElo "1845"]
[BlackElo "1682"]
[PlyCount "45"]
[EventDate "2018.01.30"]
[EventType "swiss"]
[EventRounds "9"]
[EventCountry "GER"]
[SourceTitle "EXT 2020"]
[Source "ChessBase"]
[SourceDate "2019.10.17"]
[SourceVersion "1"]
[SourceVersionDate "2019.10.17"]
[SourceQuality "1"]

1. e4 c5 2. b4 cxb4 3. d4 e6 4. a3 Nf6 5. Bd3 h6 6. axb4 Bxb4+ 7. c3 Be7 8. e5 Nd5 9. Qg4 Bf8 10. Nf3 Qc7 11. Bd2 d6 12. c4 Ne7 13. exd6 Qxd6 14. Nc3 e5 15. Qg3 Bd7 16. c5 Qe6 17. Nxe5 f6 18. Bc4 Qf5 19. Nxd7 Nxd7 20. Nb5 Qe4+ 21. Qe3 Qc6 22. Nd6+ Kd8 23. Nf7+ 1-0

[Event "Berlin-ch Seniors op 33rd"]
[Site "Berlin"]
[Date "2017.02.07"]
[Round "7"]
[White "Krueger, Antje Christine"]
[Black "Schlicht, Werner"]
[Result "1/2-1/2"]
[WhiteElo "1567"]
[BlackElo "1699"]
[PlyCount "66"]
[EventDate "2017.01.31"]
[EventType "swiss"]
[EventRounds "9"]
[EventCountry "GER"]
[SourceTitle "EXT 2019"]
[Source "ChessBase"]
[SourceDate "2018.10.10"]
[SourceVersion "1"]
[SourceVersionDate "2018.10.10"]
[SourceQuality "1"]

1. d4 d5 2. Nf3 Nf6 3. c4 e6 4. Nc3 b6 5. Bg5 Be7 6. e3 Ba6 7. Ne5 Nfd7 8. Bxe7 Qxe7 9. Qa4 dxc4 10. Bxc4 Bxc4 11. Nxc4 a6 12. Ne5 b5 13. Qc2 Nxe5 14. dxe5 0-0 15. Qe4 Nd7 16. 0-0 Qc5 17. f4 Nb6 18. Rac1 Qe7 19. Ne2 Nc4 20. Rc2 c5 21. b3 Na3 22. Rd2 b4 23. Rfd1 Rad8 24. Rd6 Nb5 25. R6d3 g6 26. Qc6 Rxd3 27. Rxd3 Rd8 28. Nc1 Rxd3 29. Nxd3 Qd8 30. Nxc5 Qd1+ 31. Kf2 Qd2+ 32. Kf3 Qd1+ 33. Kg3 Qe1+ 1/2-1/2

[Event "Berlin-ch Seniors op 33rd"]
[Site "Berlin"]
[Date "2017.02.02"]
[Round "3"]
[White "Metzger, Albert"]
[Black "Schlicht, Werner"]
[Result "0-1"]
[WhiteElo "1877"]
[BlackElo "1699"]
[PlyCount "98"]
[EventDate "2017.01.31"]
[EventType "swiss"]
[EventRounds "9"]
[EventCountry "GER"]
[SourceTitle "EXT 2019"]
[Source "ChessBase"]
[SourceDate "2018.10.10"]
[SourceVersion "1"]
[SourceVersionDate "2018.10.10"]
[SourceQuality "1"]

1. Nf3 Nc6 2. d4 d5 3. g3 Nf6 4. Bg2 h6 5. 0-0 e6 6. c3 Be7 7. b4 a6 8. a4 b6 9. Nbd2 Bb7 10. Re1 0-0 11. Qc2 Bd6 12. h3 Re8 13. Nh2 e5 14. dxe5 Bxe5 15. Ndf3 Nxb4 16. Qb3 Nc6 17. Nxe5 Nxe5 18. Bf4 Ng6 19. Be3 Re6 20. Nf3 c5 21. Bxc5 bxc5 22. Rab1 Bc6 23. g4 Qe8 24. Qa3 Rxe2 25. Qxc5 Rxe1+ 26. Rxe1 Qd7 27. Nd4 Bxa4 28. Nf5 Re8 29. Ne3 Nf4 30. Bf1 Bb5 31. Qd4 Re4 32. Qb6 Bxf1 33. Kxf1 Qe6 34. Qb8+ Qe8 35. Qd6 a5 36. Rb1 Qd7 37. Rb8+ Kh7 38. Qf8 Re8 39. Rxe8 Qxe8 40. Qd6 Qb5+ 41. Kg1 Nxh3+ 42. Kg2 Ng5 43. Qe5 Qd3 44. Qc7 Qe4+ 45. Kf1 a4 46. Qa7 Qd3+ 47. Kg2 Qxc3 48. Qxa4 d4 49. Nd1 Qh3+ 0-1

[Event "Berlin-ch Seniors op 32nd"]
[Site "Berlin"]
[Date "2016.02.03"]
[Round "8"]
[White "Schneider, Eckehard"]
[Black "Schlicht, Werner"]
[Result "1-0"]
[WhiteElo "1783"]
[BlackElo "1626"]
[PlyCount "57"]
[EventDate "2016.01.26"]
[EventType "swiss"]
[EventRounds "9"]
[EventCountry "GER"]
[SourceTitle "EXT 2019"]
[Source "ChessBase"]
[SourceDate "2018.10.10"]
[SourceVersion "1"]
[SourceVersionDate "2018.10.10"]
[SourceQuality "1"]

1. e4 e5 2. Nf3 d6 3. d4 exd4 4. Nxd4 Nf6 5. Nc3 a6 6. Bd3 Be7 7. 0-0 0-0 8. Re1 c5 9. Nf5 Bxf5 10. exf5 h6 11. Qf3 Nc6 12. Nd5 Nxd5 13. Qxd5 Rb8 14. c3 Bf6 15. Bd2 Ne7 16. Qf3 Qd7 17. Bc2 Kh8 18. Rad1 d5 19. Qh5 Ng8 20. Bf4 Rbe8 21. Be4 Qc6 22. Bf3 Rxe1+ 23. Rxe1 Re8 24. Rd1 Qd7 25. g4 Qe7 26. Rxd5 Bg5 27. Re5 Qxe5 28. Bxe5 Rxe5 29. Qxf7 1-0

[Event "Berlin-ch Seniors op 32nd"]
[Site "Berlin"]
[Date "2016.01.30"]
[Round "5"]
[White "Schlicht, Werner"]
[Black "Kievelitz, Bernd"]
[Result "0-1"]
[WhiteElo "1626"]
[BlackElo "1890"]
[PlyCount "82"]
[EventDate "2016.01.26"]
[EventType "swiss"]
[EventRounds "9"]
[EventCountry "GER"]
[SourceTitle "EXT 2019"]
[Source "ChessBase"]
[SourceDate "2018.10.10"]
[SourceVersion "1"]
[SourceVersionDate "2018.10.10"]
[SourceQuality "1"]

1. d4 Nf6 2. c4 e6 3. Nc3 Bb4 4. Bd2 0-0 5. Nf3 b6 6. g3 Bb7 7. Bg2 Bxc3 8. Bxc3 Be4 9. 0-0 a5 10. Ng5 Bxg2 11. Kxg2 d5 12. Qd3 h6 13. Nf3 Nbd7 14. Nd2 c5 15. b3 cxd4 16. Bxd4 e5 17. Bb2 Nc5 18. Qf5 d4 19. Rad1 Qe7 20. Qc2 Rad8 21. Rfe1 Rd7 22. Ba3 Rfd8 23. Bxc5 bxc5 24. Ne4 Nxe4 25. Qxe4 Qd6 26. Qc2 f5 27. Qd2 a4 28. Kg1 axb3 29. axb3 Rb8 30. Rb1 Rdb7 31. Qc2 e4 32. Rb2 g5 33. Ra1 Qe5 34. Ra6 Kg7 35. Ra3 f4 36. g4 h5 37. h3 hxg4 38. hxg4 Rh8 39. f3 exf3 40. exf3 Qe1+ 41. Kg2 Qh1+ 0-1

[Event "Berlin-ch Seniors op 32nd"]
[Site "Berlin"]
[Date "2016.01.29"]
[Round "4"]
[White "Fleischer, Matthias"]
[Black "Schlicht, Werner"]
[Result "1/2-1/2"]
[WhiteElo "1903"]
[BlackElo "1626"]
[PlyCount "108"]
[EventDate "2016.01.26"]
[EventType "swiss"]
[EventRounds "9"]
[EventCountry "GER"]
[SourceTitle "EXT 2019"]
[Source "ChessBase"]
[SourceDate "2018.10.10"]
[SourceVersion "1"]
[SourceVersionDate "2018.10.10"]
[SourceQuality "1"]

1. d4 d5 2. Nf3 e6 3. Bg5 Be7 4. h4 h6 5. Bf4 Nf6 6. e3 Nbd7 7. Bd3 b6 8. Nbd2 Bb7 9. Qe2 c5 10. c3 a6 11. 0-0-0 c4 12. Bc2 b5 13. e4 dxe4 14. Nxe4 Bxe4 15. Bxe4 Nxe4 16. Qxe4 Nf6 17. Qc6+ Nd7 18. Ne5 Ra7 19. Qf3 Nxe5 20. Bxe5 Bf6 21. Qg3 0-0 22. f4 Rd7 23. Qh3 Be7 24. Rhg1 Kh8 25. f5 exf5 26. g4 Bxh4 27. gxf5 Bg5+ 28. Kb1 f6 29. Rxg5 fxg5 30. Qxh6+ Kg8 31. Qe6+ Rff7 32. Rh1 Qe7 33. Qg6 Rf6 34. Qh7+ Kf8 35. Qh8+ Kf7 36. Rh7 Qf8 37. Qxf8+ Kxf8 38. Bxf6 Kg8 39. Rxg7+ Rxg7 40. Bxg7 Kxg7 41. Kc2 Kf6 42. Kd2 Kxf5 43. Ke3 g4 44. a3 a5 45. Kf2 Kf4 46. Kg2 a4 47. Kf2 Ke4 48. Kg3 Kf5 49. Kg2 Kf4 50. Kf2 Ke4 51. Kg3 Kf5 52. Kg2 Kf4 53. Kf2 Ke4 54. Kg3 Kf5 1/2-1/2

[Event "Berlin-ch Seniors op 31st"]
[Site "Berlin"]
[Date "2015.02.06"]
[Round "8"]
[White "Roloff, Karsten"]
[Black "Schlicht, Werner"]
[Result "1-0"]
[WhiteElo "1483"]
[BlackElo "1355"]
[PlyCount "140"]
[EventDate "2015.01.29"]
[EventType "swiss"]
[EventRounds "9"]
[EventCountry "GER"]
[SourceTitle "EXT 2018"]
[Source "ChessBase"]
[SourceDate "2017.10.13"]
[SourceVersion "1"]
[SourceVersionDate "2017.10.13"]
[SourceQuality "1"]

1. d4 d5 2. c4 e6 3. Nf3 Be7 4. Bf4 Nf6 5. e3 b6 6. Nc3 Bb7 7. Be2 a6 8. h3 0-0 9. 0-0 Nbd7 10. cxd5 Nxd5 11. Nxd5 Bxd5 12. Ne5 Nxe5 13. Bxe5 Bd6 14. Bxd6 Qxd6 15. Bf3 Bxf3 16. Qxf3 Rac8 17. Rac1 Qd5 18. Qxd5 exd5 19. Rc6 f6 20. Rfc1 Rf7 21. Rxb6 Ra8 22. Rbc6 Ra7 23. R1c5 Rd7 24. b4 Kf7 25. g4 h6 26. h4 Ke7 27. f4 Kd8 28. a3 Kc8 29. Kg2 Kb7 30. Kf3 Ra8 31. Re6 Rad8 32. g5 fxg5 33. hxg5 hxg5 34. f5 Rd6 35. Re5 c6 36. Kg4 g6 37. fxg6 Rxg6 38. Rxg5 Rdg8 39. Rxg6 Rxg6+ 40. Kf5 Rh6 41. Rc3 Kb6 42. Rc5 Rh3 43. Rc3 Rh6 44. Rc2 Kb5 45. Rc3 Rh5+ 46. Ke6 Rh6+ 47. Kd7 Rh7+ 48. Kd6 Rh6+ 49. Ke5 Rh5+ 50. Kf4 Rh4+ 51. Kf3 Rh3+ 52. Ke2 Rh2+ 53. Kd3 Rh4 54. Rc5+ Kb6 55. a4 Rh2 56. a5+ Kc7 57. Rc2 Rh1 58. Rf2 Rh7 59. Rf8 Re7 60. Rf5 Kd6 61. Rf8 Kc7 62. Rf4 Rh7 63. Rf3 Re7 64. Rf2 Kb7 65. Re2 Rh7 66. e4 Rh3+ 67. Re3 dxe4+ 68. Kxe4 Rh1 69. Rc3 Re1+ 70. Kd3 Re5 1-0

[Event "Berlin-ch Seniors op 31st"]
[Site "Berlin"]
[Date "2015.01.31"]
[Round "3"]
[White "Schlicht, Werner"]
[Black "Scholz, Werner"]
[Result "1-0"]
[WhiteElo "1355"]
[BlackElo "1452"]
[PlyCount "146"]
[EventDate "2015.01.29"]
[EventType "swiss"]
[EventRounds "9"]
[EventCountry "GER"]
[SourceTitle "EXT 2018"]
[Source "ChessBase"]
[SourceDate "2017.10.13"]
[SourceVersion "1"]
[SourceVersionDate "2017.10.13"]
[SourceQuality "1"]

1. d4 c5 2. dxc5 e6 3. c4 Bxc5 4. Nc3 Qh4 5. e3 Nc6 6. Nf3 Qd8 7. a3 a5 8. b3 Nf6 9. Bb2 0-0 10. Bd3 Re8 11. Qc2 h6 12. 0-0 e5 13. Rfd1 d6 14. h3 Qe7 15. Nd5 Nxd5 16. cxd5 Na7 17. e4 Bd7 18. a4 Rec8 19. Qe2 Rc7 20. Rdc1 Rac8 21. Rc2 Qe8 22. Rc4 b5 23. axb5 Bxb5 24. Rcc1 Bxd3 25. Qxd3 Bb6 26. Rxc7 Rxc7 27. Bc3 Rc5 28. b4 Rb5 29. bxa5 Bc5 30. Rb1 Qb8 31. Rxb5 Nxb5 32. Qb1 Bxf2+ 33. Kxf2 Qa7+ 34. Kf1 Nxc3 35. Qb6 Qd7 36. Qc6 Qxc6 37. dxc6 Nb5 38. Nd2 Kf8 39. Nc4 Ke7 40. a6 Na7 41. Nb6 Kd8 42. Nd5 Nxc6 43. Ke2 Kc8 44. Kd3 Kb8 45. Kc4 Ka7 46. Nc7 Kb6 47. Ne8 Kxa6 48. Kd5 Kb6 49. Nxg7 Kc7 50. Nf5 h5 51. g3 Kd7 52. Ng7 Ne7+ 53. Kc4 f6 54. Nxh5 Ke6 55. g4 Kf7 56. Ng3 Kg6 57. h4 Kh6 58. Nf5+ Nxf5 59. gxf5 Kh5 60. Kd5 Kxh4 61. Kxd6 Kg4 62. Ke7 Kg5 63. Kf7 Kf4 64. Kxf6 Kxe4 65. Kg6 Kd4 66. f6 e4 67. f7 e3 68. f8Q e2 69. Qf2+ Kd3 70. Qe1 Ke3 71. Kg5 Kf3 72. Kh4 Ke3 73. Kg3 Kd3 1-0

[Event "Berlin Hellersdorf op"]
[Site "Berlin"]
[Date "2010.01.09"]
[Round "3"]
[White "Giese, Guido"]
[Black "Schlicht, Werner"]
[Result "1-0"]
[WhiteElo "1918"]
[BlackElo "1264"]
[PlyCount "49"]
[EventDate "2010.01.08"]
[EventType "swiss"]
[EventRounds "5"]
[EventCountry "GER"]
[SourceTitle "EXT 2012"]
[Source "ChessBase"]
[SourceDate "2011.11.24"]
[SourceVersion "1"]
[SourceVersionDate "2011.11.24"]
[SourceQuality "1"]

1. Nc3 e5 2. Nf3 Nc6 3. d4 exd4 4. Nxd4 Nxd4 5. Qxd4 Nf6 6. e4 d6 7. Bg5 Be7 8. 0-0-0 0-0 9. f3 h6 10. Be3 Be6 11. g4 Nh7 12. Be2 Qc8 13. h4 f6 14. Nd5 Bxd5 15. Qxd5+ Kh8 16. f4 c6 17. Qb3 Re8 18. g5 fxg5 19. hxg5 Bf8 20. gxh6 Rxe4 21. hxg7+ Bxg7 22. Bd3 d5 23. Bxe4 dxe4 24. Qf7 Qg8 25. Qh5 1-0

[Event "Berlin Hellersdorf op"]
[Site "Berlin"]
[Date "2010.01.08"]
[Round "1"]
[White "Schlicht, Werner"]
[Black "Grell, Steffen"]
[Result "1/2-1/2"]
[WhiteElo "1264"]
[BlackElo "1549"]
[PlyCount "66"]
[EventDate "2010.01.08"]
[EventType "swiss"]
[EventRounds "5"]
[EventCountry "GER"]
[SourceTitle "EXT 2012"]
[Source "ChessBase"]
[SourceDate "2011.11.24"]
[SourceVersion "1"]
[SourceVersionDate "2011.11.24"]
[SourceQuality "1"]

1. d4 Nf6 2. c4 e5 3. dxe5 Ne4 4. Nf3 Nc6 5. Nbd2 Bb4 6. a3 Bxd2+ 7. Bxd2 Nxd2 8. Qxd2 Qe7 9. Qc3 0-0 10. e3 Re8 11. Bd3 Nxe5 12. Nxe5 Qxe5 13. Qxe5 Rxe5 14. 0-0 d6 15. Be2 Be6 16. Rfd1 Rd8 17. Rd2 Kf8 18. Rad1 a5 19. Rd4 b6 20. Bg4 Bxg4 21. Rxg4 Rde8 22. Rgd4 f5 23. g3 Kf7 24. Kg2 Kf6 25. h4 h6 26. Kf3 g6 27. Rd5 R8e6 28. R1d3 Re4 29. R3d4 Rxd4 30. Rxd4 Re5 31. Ke2 Ke6 32. f4 Re4 33. Kd3 Rxd4+ 1/2-1/2